00629nam a2200145 i 4500001000300000245022900003260002100232040000800253041000800261942000700269008004100276999001700317856009800334952005100432bg NaReferaty na IV sympozjum p.n. Metody heurezy :b24 września 1977. Z.1 /cPolskie Towarzystwo Cybernetyczne. Oddz. w Warszawie, Międzyuczelniany Instytut Filozofii i Socjologii przy UMCS w Lublinie - Zespół Heurystyki. aWarszawa,c1977. cBPK apol cKS s pl f |000 0 pol  c34864d34864 uhttp://koha.tu.koszalin.pl/cgi-bin/koha/opac-detail.pl?biblionumber=34864yKatalog online BPK 00104070aBPKbBPKcwo24961/1p01720181yKS